| 000 | 00797nam a2200265 a 4500 | ||
|---|---|---|---|
| 001 | 22536 | ||
| 003 | SK-KTurca | ||
| 005 | 20260331160640.0 | ||
| 008 | 240318s1987 xo slo d | ||
| 020 | _c15.00 | ||
| 035 | _aPOKPOH25135 | ||
| 040 |
_aPOKPOH _bslo _cPOKPOH |
||
| 041 | 1 |
_aslo _hrus |
|
| 100 | 1 |
_aDackevič, Viktor _4aut |
|
| 245 | 1 | 0 |
_aKde dúhy žijú _bRybky v akváriu _cViktor Dackevič ; [z ruského originálu prel. Alexandra Šufliarska] |
| 250 | _a1. vyd. | ||
| 260 |
_aMoskva _bRaduga Publishers _c1987 |
||
| 300 |
_a32 s. viaz. _b obr. |
||
| 650 | 0 | 7 |
_aakvaristika _2POKPOH |
| 650 | 0 | 7 |
_aryby _2POKPOH |
| 700 | 1 |
_aŠufliarska, Alexandra, _d1953- _4trl |
|
| 700 | 1 |
_aDackevič, Viktor _4pht |
|
| 942 |
_2ddc _cOLDE _n0 |
||
| 999 |
_c22536 _d22536 |
||